000 00762cam a2200241 a 4500
001 3507184
005 20180119044823.0
008 950831s1996 gaua b 000 0 eng
010 _a 95039776
020 _a0898541808
020 _a0898541816 (pbk.)
040 _aDLC
_cDLC
_dDLC
041 _aeng
080 _a352.12 jac
082 0 0 _a352.12 jac
_220
100 _a14
101 _ajur
245 0 0 _aBudgeting :
_cedited by Jack Rabin, W. Bartley Hildreth, Gerald J. Miller.
504 _aIncludes bibliographical references.
906 _a7
_bcbc
_corignew
_d1
_eocip
_f19
_gy-gencatlg
942 _2ddc
_cBK
999 _c40552
_d40552